000 00518nam a2200193Ia 4500
999 _c23082
_d23082
003 OSt
005 20200213131042.0
008 190216s9999||||xx |||||||||||||| ||und||
020 _a9789382934790
040 _coclc
082 _a910
_bKOY/Y
100 _a Koya, C H Muhammed
_91956
245 0 _aYathra /
_c C H Muhammed Koya
250 _a2nd ed.
260 _bOlive Publications,
_c2013.
_aKozhikode:
300 _a577p
650 _xHistory
942 _cBK
_2ddc
_h910
_iKOY/Y
_k910
_mKOY/Y